بساتين الفاكهة المتساقطة الاوراق =Deciduous Orchards / (Record no. 60008)
[ view plain ]
| 000 -الفاتح | |
|---|---|
| حقل البيانات ثابتة الطول | 01209nam a22002777a 4500 |
| 005 - وقت وتاريخ اخر تعامل مع التسجيلة | |
| رقم الضبط | 20240530110348.0 |
| 008 - عناصر البيانات ثابتة الطول - معلومات عامة | |
| حقل البيانات ثابتة الطول | 141211s2010 su f f 000 0 ara d |
| 017 ## - رقم الايداع القانونى | |
| رقم الايداع القانونى | 1990/5908 |
| المصدر ( الهيئة المختصة) | مصر . دار الكتب المصرية |
| 020 ## - الرقم الدولى المعيارى للكتب | |
| الرقم الدولى المعيارى للكتاب | 9772580030 |
| 040 ## - مصدر الفهرسة | |
| وكالة الفهرسة الأصلية | EG-CaGPL |
| 041 0# - رمز اللغة | |
| رمز لغة النص/ المسارات الصوتية أو العنوان الانفرادي | ara |
| 082 04 - رقم تصنيف ديوى العشرى | |
| رقم الطبعة | 21 |
| رقم التصنيف | 634\ |
| رقم المادة | ت ب |
| 100 1# - المدخل الرئيسى - إسم شخصى | |
| الإسم الشخصى | تشاندلر ، وليام هنرى |
| 245 10 - بيان العنوان | |
| العنوان | بساتين الفاكهة المتساقطة الاوراق =Deciduous Orchards / |
| بقية العنوان | تاليف وليام هنرى تشاندلر ؛ ترجمة كمال الدين محمد عبدالله ... [ وأج . ] |
| 250 ## - بيان الطبعة | |
| بيان الطبعة | ط3 |
| 260 ## - PUBLICATION, DISTRIBUTION, ETC. (IMPRINT) | |
| تاريخ النشر أو التوزيع | 2010 |
| 300 ## - الوصف المادى | |
| التعداد | 596 ص : |
| تفاصيل ماديه اخرى للوعاء | صور ؛ |
| أبعاد الوعاء | 24 سم |
| 650 04 - المدخل الاضافى بالموضوع-مصطلح موضوعى | |
| مصطلح موضوعي | البساتين |
| 650 04 - المدخل الاضافى بالموضوع-مصطلح موضوعى | |
| مصطلح موضوعي | الفاكهة المتساقطة الاوراق |
| 700 0# - المدخل الاضافى - اسم شخصى | |
| الإسم الشخصى | كمال الدين محمد عبدالله |
| الدور | مترجم |
| 700 0# - المدخل الاضافى - اسم شخصى | |
| الإسم الشخصى | عبداللة محمود محسن |
| الدور | مترجم مشارك |
| 700 0# - المدخل الاضافى - اسم شخصى | |
| الإسم الشخصى | جميل فهيم سوريال |
| الدور | مترجم مشارك |
| 700 0# - المدخل الاضافى - اسم شخصى | |
| الإسم الشخصى | محمد احمد مليجى |
| الدور | مترجم مشارك |
| 942 ## - عناصر المدخل الإضافي( كوها) | |
| مصدر التصنيف او مخطط الترفيف | Dewey Decimal Classification |
| Koha [default] item type | كتاب |
| 260 ## - PUBLICATION, DISTRIBUTION, ETC. (IMPRINT) | |
| -- | القاهرة : |
| -- | الدار العربية للنشر والتوزيع ، |
| حالة التراجع | حالة الفقد | حالة تلف | ليس للاعارة | المكان المؤقت | الموقع الحالى | تاريخ الاكتساب | اجمالي اﻻعارات | رقم الطلب | الباركود | تاريخ اخر مشاهدة | تاريخ تفعيل السعر | نوع وعاء كوها |
|---|---|---|---|---|---|---|---|---|---|---|---|---|
| مكتبة القاهرة الكبرى | مكتبة القاهرة الكبرى | 12/11/2014 | 634\ ت ب | 158987 | 12/11/2014 | 12/11/2014 | كتاب |

